| 000 | 03254cam a22005415a 4500 | ||
|---|---|---|---|
| 001 | L154183 | ||
| 008 | 111108s2011 xxk f 000 0 eng d | ||
| 020 | _a9780727736758 | ||
| 035 | _a(Sirsi) u154183 | ||
| 041 | 0 | _aeng | |
| 050 | 0 | 4 | _a624.08 $2 18 |
| 110 | 2 |
_aInstitute of Civil Engineers _95948 |
|
| 245 | 0 | 0 | _aNEC3 |
| 250 | _a3rd ed. (with amendments) | ||
| 260 |
_aLondon _bThomas Telford _c2005 |
||
| 300 |
_a2 _fboxed sets _c30cm. |
||
| 350 | _a345 | ||
| 490 | 0 | _aNew Engineering Contract (Third Edition with amendments) | |
| 505 | 2 | _aEngineering and Construction Contract Guidance Notes -- Engineering and Construction Contract Flow Charts -- Engineering and Construction Short Contract Guidance Notes and Flow Charts -- Professional Services Contract Guidance Notes and Flow Charts -- Term Service Contract Guidance Notes -- Term Service Contract Flow Charts -- Term Service Short Contract Guidance Notes and Flow Charts -- Supply Contract Guidance Notes -- Supply Contract Flow Charts -- Supply Short Contract Guidance Notes and Flow Charts -- Framework Contract Guidance Notes and Flow Charts -- Adjudicator's Contract Guidance Notes and Flow Charts -- Procurement and Contract Strategies | |
| 520 | _aAn updated suite of engineering and construction contracts and associated guidance and flowcharts, which includes new term service and framework contracts and guidance on procurement and contract strategies. | ||
| 520 | _aSupersedes third edition (ISBN 0727733826). | ||
| 521 | _aS | ||
| 590 | _aIKA111005 | ||
| 650 | 2 | 4 | _aNEW ENGINEERING CONTRACT (THIRD EDITION) |
| 650 | 2 | 4 | _aNEC ENGINEERING AND CONSTRUCTION CONTRACT (THIRD EDITION) |
| 650 | 2 | 4 | _aNEC ENGINEERING AND CONSTRUCTION CONTRACT: OPTION A (THIRD EDITION) |
| 650 | 2 | 4 | _aNEC ENGINEERING AND CONSTRUCTION CONTRACT: OPTION B (THIRD EDITION) |
| 650 | 2 | 4 | _aNEC ENGINEERING AND CONSTRUCTION CONTRACT: OPTION C (THIRD EDITION) |
| 650 | 2 | 4 | _aNEC ENGINEERING AND CONSTRUCTION CONTRACT: OPTION D (THIRD EDITION) |
| 650 | 2 | 4 | _aNEC ENGINEERING AND CONSTRUCTION CONTRACT: OPTION E (THIRD EDITION) |
| 650 | 2 | 4 | _aNEC ENGINEERING AND CONSTRUCTION CONTRACT: OPTION E (THIRD EDITION) |
| 650 | 2 | 4 | _aNEC ENGINEERING AND CONSTRUCTION SUBCONTRACT (THIRD EDITION) |
| 650 | 2 | 4 | _aNEC PROFESSIONAL SERVICES CONTRACT (THIRD EDITION) |
| 650 | 2 | 4 | _aNEC ENGINEERING AND CONSTRUCTION SHORT CONTRACT (SECOND EDITION) |
| 650 | 2 | 4 | _aNEC ENGINEERING AND CONSTRUCTION SHORT SUBCONTRACT (THIRD EDITION) |
| 650 | 2 | 4 | _aNEC ADJUDICATOR'S CONTRACT (THIRD EDITION) |
| 650 | 2 | 4 | _aNEC TERM SERVICE CONTRACT (FIRST EDITION) |
| 650 | 2 | 4 | _aNEC FRAMEWORK CONTRACT (FIRST EDITION) |
| 650 | 2 | 4 | _aNEC SUPPLY SHORT CONTRACT (FIRST EDITION) |
| 650 | 2 | 4 | _aNEC SUPPLY CONTRACT (FIRST EDITION) |
| 650 | 2 | 4 | _aNEC TERM SERVICE SHORT CONTRACT (FIRST EDITION) |
| 650 | 2 | 4 | _aNEC ENGINEERING AND CONSTRUCTION SHORT SUBCONTRACT (SECOND EDITION) |
| 650 | 2 | 4 | _aNEC ENGINEERING AND CONSTRUCTION CONTRACT: OPTION F (THIRD EDITION) |
| 650 | 2 | 4 | _aNEC ENGINEERING AND CONSTRUCTION CONTRACT: OPTION D (THIRD EDITION) |
| 651 | 4 | _aENGLAND AND WALES | |
| 690 | _aBUILT ENVIRONMENT-BUILDING CONTRACT FORMS-STANDARD FORMS OF BUILDING CONTRACT-NEW ENGINEERING CONTRACT CONTRACTS | ||
| 942 | _n0 | ||
| 999 |
_c112879 _d112879 |
||